Warszawski Zamek Krolewski (ระเบียนเลขที่ 21072)
| 000 -LEADER | |
|---|---|
| fixed length control field | 00532nam a22002057a 4500 |
| 005 - DATE AND TIME OF LATEST TRANSACTION | |
| control field | 20210325184850.0 |
| 008 - FIXED-LENGTH DATA ELEMENTS--GENERAL INFORMATION | |
| fixed length control field | s1989 rus d |
| 020 ## - INTERNATIONAL STANDARD BOOK NUMBER | |
| International Standard Book Number | 8321728677 |
| 040 ## - CATALOGING SOURCE | |
| Original cataloging agency | NALT |
| 041 ## - LANGUAGE CODE | |
| Language code of text/sound track or separate title | rus |
| 050 ## - LIBRARY OF CONGRESS CALL NUMBER | |
| Classification number | R AZ 595.P6 S99W 1989 |
| 100 0# - MAIN ENTRY--PERSONAL NAME | |
| Personal name | Szypowscy, Maria i Andrzej |
| 245 10 - TITLE STATEMENT | |
| Title | Warszawski Zamek Krolewski |
| 260 3# - PUBLICATION, DISTRIBUTION, ETC. | |
| Place of publication, distribution, etc. | Warszawa : |
| Name of publisher, distributor, etc. | Panstwowe Wydawnictwo, |
| Date of publication, distribution, etc. | 1989 |
| 300 ## - PHYSICAL DESCRIPTION | |
| Extent | 328 p. : |
| Other physical details | ill. ; |
| Dimensions | 27 cm. |
| 650 04 - SUBJECT ADDED ENTRY--TOPICAL TERM | |
| Topical term or geographic name entry element | Zamek (Poland) |
| 850 ## - HOLDING INSTITUTION | |
| Holding institution | NALT |
| 942 ## - ADDED ENTRY ELEMENTS (KOHA) | |
| Koha item type | Reference Book |
| Source of classification or shelving scheme | Library of Congress Classification |
| Withdrawn status | Lost status | Source of classification or shelving scheme | Damaged status | Not for loan | Collection code | Home library | Current library | Total Checkouts | Full call number | Barcode | Date last seen | Price effective from | Koha item type |
|---|---|---|---|---|---|---|---|---|---|---|---|---|---|
| Library of Congress Classification | Reference Book collection | National Assembly Library of Thailand | National Assembly Library of Thailand | R AZ 595.P6 S99W 1989 | 3961105259 | 09/06/2017 | 09/06/2017 | Reference Book |
